Comentarios a las leyes penales cubanas

Bibliographic Details
Main Author: Medina Cuenca, Arnel
Format: eBook
Language:Spanish
Published: La Habana : Unin̤ Nacional de Juristas de Cuba, 2014
Subjects:
Online Access:Acceso restringido

MARC

LEADER 00000nam a22000007a 4500
005 2014110505195.0
007 cr|||| ||||
008 141105s2014 cu |||||s|||| 00||0 spa d
020 |a 978-959-7219-12-5 
035 |a 12503 
040 |a vLex 
090 |c 5273  |d 5273 
100 1 |a Medina Cuenca, Arnel 
245 1 0 |a Comentarios a las leyes penales cubanas  |h [Recurso electrn̤ico] /  |c Arnel Medina Cuenca  
256 |a Servicio en ln̕ea 
260 |a La Habana :  |b Unin̤ Nacional de Juristas de Cuba,  |c 2014 
300 |a 1 recurso electrn̤ico 
506 0 |a Contenido solo disponible en los productos indicados  |d vLex Global  |d vLex Global (Academic Edition, excluding Law Schools)  |d vLex Global (U.S. Academic Edition, Law Schools)  |d vLex Global (U.S. Academic Edition, excluding Law Schools)  |d vLex Global (Academic Edition, Law Schools) 
650 |a Derecho penal  |x Legislacin̤  |z Cuba 
740 0 |a vLex Libros (Servicio en ln̕ea) 
856 4 0 |u http://vlex.com/source/comentarios-leyes-penales-cubanas-12503  |z Acceso restringido 
942 |c BOOK 
999 0 |a Criminal law